000 00776cam a22002413a 4500
001 31693
003 PGUSA
005 20140828083703.0
008 100318s2010||||xxu|||||s|||||000 | eng d
040 _aPGUSA
_beng
042 _adc
050 4 _aDS
100 1 _aPereira, Alberto Feliciano Marques
245 1 0 _aO Padroado Portuguez na China
_h[electronic resource] /
_cAlberto Feliciano Marques Pereira
260 _bProject Gutenberg,
_c2010
506 _aPublic domain in the USA.
516 _aElectronic text
653 _aPortuguese -- China -- Macau (Special Administrative Region)
653 _aMacau (China : Special Administrative Region) -- History
830 0 _aProject Gutenberg
_v31693
856 4 0 _uhttp://www.gutenberg.org/ebooks/31693
942 _cEB
999 _c260948
_d260948